000 00369nam a22001577a 4500
003 MPLRDC
005 20220104143450.0
008 210129b ||||| |||| 00| 0 eng d
082 _a738.01 NYYS
100 _a不详
245 _a英属东南亚之复兴
_c
260 _a
_b南洋印刷
_c
300 _b
650 _a东南亚通史
942 _cBK
_o738.01 NYYS
999 _c40168
_d40158